|
|
|
|
| LEADER |
00000nam2a2200000 4500 |
| 001 |
306536 |
| 005 |
20231101011418.0 |
| 035 |
|
|
|a (RuTPU)RU\TPU\book\331813
|
| 035 |
|
|
|a RU\TPU\book\59293
|
| 090 |
|
|
|a 306536
|
| 100 |
|
|
|a 20151008d1983 km y0rusy50 ca
|
| 101 |
0 |
|
|a rus
|
| 102 |
|
|
|a RU
|
| 105 |
|
|
|a a z 000zy
|
| 200 |
0 |
|
|a Вып. 80
|f сост. Б. С. Иванов
|
| 210 |
|
|
|d 1983
|
| 215 |
|
|
|a 78 с.
|c ил.
|
| 461 |
|
1 |
|0 (RuTPU)RU\TPU\book\199930
|t В помощь радиолюбителю
|o сборник
|v Вып. 80
|d 1956-1992
|
| 610 |
1 |
|
|a радиоэлектроника
|
| 610 |
1 |
|
|a электроника
|
| 610 |
1 |
|
|a автомобильная электроника
|
| 610 |
1 |
|
|a электронноет зажигание
|
| 610 |
1 |
|
|a бесконтактные системы
|
| 610 |
1 |
|
|a трансивер
|
| 610 |
1 |
|
|a электронные таймеры
|
| 610 |
1 |
|
|a автоматика
|
| 610 |
1 |
|
|a устройства
|
| 610 |
1 |
|
|a электродвигатели
|
| 610 |
1 |
|
|a малогабаритная акустическая система
|
| 610 |
1 |
|
|a операционные усилители
|
| 610 |
1 |
|
|a цветные телевизоры
|
| 610 |
1 |
|
|a испытательные сигналы
|
| 610 |
1 |
|
|a генераторы
|
| 675 |
|
|
|a 621.396
|v 3
|
| 702 |
|
1 |
|a Иванов
|b Б. С.
|g Борис Сергеевич
|4 220
|
| 801 |
|
1 |
|a RU
|b 63413507
|c 20030929
|g PSBO
|
| 801 |
|
2 |
|a RU
|b 63413507
|c 20200909
|g PSBO
|
| 942 |
|
|
|c BK
|